Feminismo y posmodernidad: Luce Irigaray y el feminismo de la diferencia /
সংরক্ষণ করুন:
| প্রধান লেখক: | |
|---|---|
| বিন্যাস: | পাঠ্য |
| বিষয়গুলি: | |
| ট্যাগগুলো: |
ট্যাগ যুক্ত করুন
কোনো ট্যাগ নেই, প্রথমজন হিসাবে ট্যাগ করুন!
|
MARC
| LEADER | 00000 a a2200000 04500 | ||
|---|---|---|---|
| 001 | 12896 | ||
| 003 | |||
| 040 | |||
| 100 | |a Piedra Guillén, Nancy | ||
| 245 | |a Feminismo y posmodernidad: |b Luce Irigaray y el feminismo de la diferencia / |c Nancy Piedra Guillén | ||
| 650 | |a FEMINISMO | ||
| 650 | |a PSICOANALISIS | ||
| 650 | |a TEORIA CRITICA | ||
| 650 | |a FILOSOFIA | ||
| 773 | |g número 57; páginas 111-128 | ||
| 999 | |c 38065 |d 38065 | ||
